000 00546nam a2200205Ia 4500
005 20250923144308.0
008 008 250917s9999 xx 000 0 eng d
037 _aTextual
040 _aDSWL
_beng
_cDSWL
041 _aeng
_2eng
084 _qDSWL
100 _aKennedy, Thomas
_9823349
245 0 _aEffective labour organisations
_cby Thomas Kennedy
260 _aPhiladelphia
_bUniv. of Pensylvania
_c1948
300 _a286 p.
365 _aUSD
_b3.5
925 _g3.5
942 _cTEXL
999 _c1437118
_d1437118